Statistics for African Capitals With No Repeated Vowels

Click here to take the quiz!

General Stats

  • This quiz has been taken 26 times
  • The average score is 14 of 18

Answer Stats

Answer% Correct
Cairo
100%
Algiers
91%
Tunis
91%
Khartoum
91%
Banjul
87%
Juba
87%
Pretoria
87%
Bangui
87%
Windhoek
83%
Mogadishu
78%
Lome
78%
Maputo
74%
Maseru
70%
Yaounde
70%
Niamey
65%
Conakry
65%
Lilongwe
57%
Bissau
52%

Score Distribution

Percentile by Number Answered

Percent of People with Each Score

Your Score History

You have not taken this quiz